| 000 | 00605nam a2200169Ia 4500 | ||
|---|---|---|---|
| 003 | GCL | ||
| 008 | 140319s9999 xx 000 0 ara d | ||
| 040 |
_aGCL / _cGCL |
||
| 082 | 0 | 4 |
_aد _b050 _bد هـ |
| 245 | 1 | 0 | _aعبدالبديع ناسك النحت 00 ملحمة مصرية ( الهلال اغسطس 2004 ) |
| 260 |
_aالقاهرة : _bدار الهلال للطباعة والنشر ، _c2004 |
||
| 650 | 0 | 4 | _aالقصص العربية القصيرة |
| 650 | 0 | 4 | _aالفن المصرى |
| 650 | 0 | 4 | _aالعراق - تاريخ - العصر الحديث |
| 650 | 0 | 4 | _aاسمهان |
| 942 |
_2ddc _cCR |
||
| 999 |
_c7104 _d7104 |
||